<?xml version="1.0" encoding="UTF-8"?>
<collection xmlns="http://www.loc.gov/MARC21/slim">
 <record>
  <leader>00644pamaa2200193   4500</leader>
  <controlfield tag="001">0000041004</controlfield>
  <controlfield tag="005">20080812090000.0</controlfield>
  <datafield tag="020" ind1="0" ind2="0">
   <subfield code="a">0495125784 (pbk.) </subfield>
  </datafield>
  <datafield tag="090" ind1="0" ind2="0">
   <subfield code="a">QH581.2 </subfield>
   <subfield code="b">STA 2005</subfield>
  </datafield>
  <datafield tag="100" ind1="1" ind2="0">
   <subfield code="a">Starr </subfield>
  </datafield>
  <datafield tag="245" ind1="0" ind2="0">
   <subfield code="a">Cell biology and genetics : </subfield>
   <subfield code="b">biology : the unity and diversity of life  </subfield>
   <subfield code="c">Cecie Starr and Ralph Taggart.</subfield>
  </datafield>
  <datafield tag="250" ind1="0" ind2="0">
   <subfield code="a">11th ed.</subfield>
  </datafield>
  <datafield tag="260" ind1="0" ind2="0">
   <subfield code="a">Belmont, CA: </subfield>
   <subfield code="b">Thomson/Brooks Cole, </subfield>
   <subfield code="c">2005.</subfield>
  </datafield>
  <datafield tag="300" ind1=" " ind2=" ">
   <subfield code="a">xv, 258, [42] p.: </subfield>
   <subfield code="b">ill. (chiefly col.), col. maps; </subfield>
   <subfield code="c">28 cm.</subfield>
  </datafield>
  <datafield tag="440" ind1="0" ind2="0">
   <subfield code="a">Books in the Brooks/Cole biology series</subfield>
  </datafield>
  <datafield tag="650" ind1="0" ind2="0">
   <subfield code="a">Genetics </subfield>
  </datafield>
  <datafield tag="650" ind1="0" ind2="0">
   <subfield code="a">Cytology </subfield>
  </datafield>
  <datafield tag="700" ind1="1" ind2="1">
   <subfield code="a">Taggart, </subfield>
   <subfield code="h">Ralph </subfield>
  </datafield>
  <datafield tag="901" ind1=" " ind2=" ">
   <subfield code="u">http://www.thomsonlearning.com</subfield>
  </datafield>
 </record>
</collection>
